00609nam a2200181Ia 4500999001500000020001800015082001600033100001600049245006900065260004500134300001300179504001900192650003200211650002200243650003400265942000700299952012100306 c5274d5274 a0-19-568113-4 a306.6 MAD-I aMadan, T.N. 0aImages of the world: essays on religion, secularism, and culture aNew DelhibOxford University Pressc2006 axii, 398 aincludes index aReligion and culturezIndia aSecularismzIndia aReligion and sociologyzIndia cBK 00104070aNASSDOCbNASSDOCd2006-11-20eDPi2006-11-08l0o306.6 MAD-Ip42080r2019-04-18 00:00:00w2019-04-18yBK